000 00540cam a2200169 4500
001 ABS60963
008 000000n1999 000 0 eng u
035 _a(Sirsi) u101509
100 _aLupton, M.
245 _aThou shalt simplify.
260 _c1999
490 _aHousing Today
_v(144) 29 July 1999, 16-17(2)
520 _aLooking ahead to a housing green paper, the author considers how the government can come up with a national rent setting formula that will suit everyone.
650 _aRENTS
690 _aHOUSING
942 _n0
999 _c60641
_d60641